| 000 -ლიდერი |
| ფიქსირებული სიგრძის საკონტროლო ველი |
02355nam a2200289Ia 4500 |
| 001 - საკონტროლო ნომერი |
| საკონტროლო ველი |
15478 |
| 003 - საკონტროლო ნომრის იდენტიფიკატორი |
| საკონტროლო ველი |
GE_BSU |
| 005 - ბოლო ოპერაციის თარიღი და დრო |
| საკონტროლო ველი |
20200407175312.0 |
| 008 - ფიქსირებული სიგრძის მონაცემთა ელემენტები - ზოგადი ინფორმაცია |
| ფიქსირებული სიგრძის საკონტროლო ველი |
181216s1999ge xx |||||||||||||| ||geo|| |
| 040 ## - კატალოგიზაციის წყარო |
| Transcribing agency |
GE_BSU |
| 041 ## - ენის კოდი |
| Language code of text/sound track or separate title |
geo |
| 080 ## - უნივერსალური ათობითი კლასიფიკაციის ინდექსი |
| Universal Decimal Classification number |
343.9 დ-24 |
| 100 ## - მთავარი ჩანაწერი - პიროვნების სახელი |
| Personal name |
დაუთაშვილი, პეტრე |
| 9 (RLIN) |
7857 |
| 245 ## - ცნობა სათაურის შესახებ |
| Title |
კრიმინოლოგია. : |
| Remainder of title |
სოფლად არასრულწლოვანთა და ახალგაზრდობის დანაშაულის კრიმინოლოგიური დახასიათება და პროფილაქტიკა / |
| Statement of responsibility, etc |
პეტრე დაუთაშვილი ; რედ. შ.გორგოძე . |
| 264 ## - წარმოების, გამოცემის, დისტრიბუციის და სხვა ცნობები |
| გამოცემის, წარმოების, დისტრიბუციის... ადგილი |
თბილისი : |
| გამოცემის, წარმოების, დისტრიბუციის... სახელწოდება |
ფარნავაზი, |
| გამოცემის, წარმოების, დისტრიბუციის... თარიღი |
1999. |
| 300 ## - ფიზიკური აღწერა |
| Extent |
158 გვ.: |
| Dimensions |
.21 სმ. |
| 504 ## - BIBLIOGRAPHY, ETC. NOTE |
| Bibliography, etc |
ბიბლიოგრ. ტექსტის შენიშ |
| 653 ## - INDEX TERM--UNCONTROLLED |
| Uncontrolled term |
კრიმინოლოგია. |
| 653 ## - INDEX TERM--UNCONTROLLED |
| Uncontrolled term |
არასრულწლოვანთა დანაშაულის პროფილაქტიკა |
| 653 ## - INDEX TERM--UNCONTROLLED |
| Uncontrolled term |
ძალმომრეობა |
| 653 ## - INDEX TERM--UNCONTROLLED |
| Uncontrolled term |
ქურდობა. |
| 653 ## - INDEX TERM--UNCONTROLLED |
| Uncontrolled term |
სამართალი |
| 653 ## - INDEX TERM--UNCONTROLLED |
| Uncontrolled term |
ნაშრომის ძირითად მიზანს წარმოადგენს საქართველოს სოფლის ახალგაზრდობისა და არასრულწლოვანთა მიერ ჩადენილ დანაშაულებათა პროფილაქტიკის რეკომენდაციების შემუშავება და დასაბუთება. ავტორი ეყრდნობა შემეცნების დიალექტიკურ მეთოდს, ფილოს. და სოციოლ. თეორიებს, რომელთაც შეუძლიათ ადამიანთა ქცევის საერთო სპეციფიკური კანონზომიერების ახსნა. |
| 700 ## - ADDED ENTRY--PERSONAL NAME |
| Personal name |
გორგოძე, შ |
| Relator term |
რედაქტორი |
| 9 (RLIN) |
7858 |
| 710 ## - ADDED ENTRY--CORPORATE NAME |
| Corporate name or jurisdiction name as entry element |
საქ. შსს-ს აკადემია |
| 9 (RLIN) |
7859 |
| 942 ## - ADDED ENTRY ELEMENTS (KOHA) |
| Koha item type |
წიგნი |
| Source of classification or shelving scheme |
|